01296nam a22002897a 45000010005000000030006000050050017000110080041000280200017000690400029000860500011001150820008001261000017001342450077001512600038002283000044002664900022003105050008003325200409003405210020007495210020007696500031007897000036008209420015008569990015008719520120008865072FISKH20241104165412.0241104b cb ||||| |||| 00| 0 eng d a978140710617 aFISKHbengcFISKHdFISKH aQ180.2 a579 aArnold, Nick aMicroscopic Monsters /cby Nick Arnold : illustrated by Tony De Saulles  aNew York : bScholastic ;c2001 . a158 pages :billustrations ;c21 cm .  aHorrible Science  aZ  aChildren will laugh and learn as they explore the weird side of science with the Horrible Science Series. How do vampire bats suck blood? What makes stink bombs stink? These are just a few of the questions that are answered in this wacky science fact series. Cartoon-style illustrations depict the more grotesque aspects of science that fascinate children. Text copyright 2004 Lectorum Publications, Inc.8 a900 bLexile 8 aZ bRaz-Plus  abacteriavHorrible Science aSaulles, Tony De eillustrator  2ddccBKn0 c5072d5072 00102ddc40708NFICa001b001cSNSd2024-11-04l0oARN 579 Q180.2p2024-2281r2024-11-04 16:54:08w2024-11-04yBK